| 000 | 00621nam a2200217Ia 4500 | ||
|---|---|---|---|
| 999 |
_c41178 _d41178 |
||
| 001 | 7829 | ||
| 003 | GE_BSU | ||
| 005 | 20220926161546.0 | ||
| 008 | 181216s2013en xx |||||||||||||| ||eng|| | ||
| 020 | _a9783190014996 | ||
| 040 | _cGE_BSU | ||
| 041 | _ager | ||
| 080 | _a325.2 G-14 | ||
| 100 |
_aGaidosch, Ulrike _914820 |
||
| 245 |
_aZur Orientierung : _bBasiswissen Deutschland / _cUlrike Gaidosch |
||
| 264 |
_aHueben Verlag : _bGmbH & Go _c2013. |
||
| 300 |
_a80 p.: _bIll. _c28 cm. |
||
| 653 | _aZur Orientierung : Basiswissen Deutschland | ||
| 653 | _a საბაზისო ცოდნა | ||
| 942 |
_cBK _2udc |
||